000 00804nam a22002657a 4500
008 130505b xxu||||| |||| 00| 0 eng d
020 _a1-4020-1004-4
024 _cAvailable
037 _cAvailable
040 _aMBSTU LIBRARY
_dMBSTU LIBRARY
082 _222
_a628.5 BAE
100 _aBashkin, Vladimir N.
110 _aStanley E. Manahan
245 _aEnvironmental chemistry : Asian lessons.
260 _aLondon
_bKluwer Academy Publication.
_c2003.
300 _a24 cm.
_b472 page.
_f3
_g24 cm.
600 _aIndustrial pollution technology.
650 _2Industrial pollution technology.
700 _aBashkin, Vladimir N.
710 _aStanley E. Manahan
270 _aLondon
_bLondon
_dUK
365 _b2960.00
_d2960.00
942 _2ddc
_cBK
999 _c304
_d304